[Event "Poltavskaya"]
[Site "Poltavskaya"]
[Date "2010.??.??"]
[Round "10"]
[White "Baranov, Evgeni"]
[Black "Fomichenko, Eduard"]
[Result "1-0"]
[WhiteElo "2335"]
[BlackElo "2460"]
[PlyCount "97"]
[EventDate "2010.??.??"]
[EventType "tourn"]
[EventRounds "11"]
[EventCountry "RUS"]
[EventCategory "1"]
[SourceTitle "EXT 2012"]
[Source "ChessBase"]
[SourceDate "2011.11.24"]
[SourceVersion "1"]
[SourceVersionDate "2011.11.24"]
[SourceQuality "1"]

1. d4 d5 2. c4 c6 3. Nc3 Nf6 4. e3 g6 5. Nf3 Bg7 6. Bd3 0-0 7. 0-0 Bg4 8. h3 Bxf3 9. Qxf3 e6 10. Rd1 Nbd7 11. Bf1 Re8 12. b3 Qe7 13. Bb2 Nb6 14. Rac1 Rad8 15. Ba1 e5 16. dxe5 Nfd7 17. cxd5 Nxe5 18. Qe2 cxd5 19. Nb5 a6 20. Nc7 Rf8 21. Bd4 Na8 22. Nxa8 Rxa8 23. Qb2 f6 24. Bc5 Qe6 25. Bxf8 Rxf8 26. Qd4 Rd8 27. Qc5 Bf8 28. Qc7 Rd7 29. Qc8 Kf7 30. Rc7 b5 31. Rdc1 Bd6 32. Rxd7+ Qxd7 33. Qxd7+ Nxd7 34. Rc6 Ke6 35. Rxa6 b4 36. g3 h5 37. h4 Ne5 38. Ra8 Nf3+ 39. Kg2 Nd2 40. Bb5 Ne4 41. Ra7 Be7 42. Be8 g5 43. Bxh5 gxh4 44. gxh4 f5 45. Bf3 Nc3 46. h5 Bg5 47. Ra6+ Kf7 48. Rb6 Nxa2 49. h6 1-0

[Event "Anapa2"]
[Site "Anapa"]
[Date "2008.09.16"]
[Round "11"]
[White "Baranov, Evgeni"]
[Black "Kostromin, Mikhail"]
[Result "0-1"]
[WhiteElo "2285"]
[BlackElo "2363"]
[PlyCount "92"]
[EventDate "2008.09.09"]
[EventType "tourn"]
[EventRounds "11"]
[EventCountry "RUS"]
[EventCategory "4"]
[SourceTitle "EXT 2010"]
[Source "ChessBase"]
[SourceDate "2010.11.25"]
[SourceVersion "1"]
[SourceVersionDate "2010.11.25"]
[SourceQuality "1"]

1. e4 e5 2. Nf3 Nc6 3. Bc4 Nf6 4. Ng5 d5 5. exd5 Na5 6. Bb5+ c6 7. dxc6 bxc6 8. Be2 h6 9. Nf3 e4 10. Ne5 Bd6 11. f4 exf3 12. Nxf3 0-0 13. 0-0 Re8 14. Nc3 Qe7 15. d3 Rb8 16. Re1 Bg4 17. Bd2 Qc7 18. Rb1 Bh5 19. Bf1 Bc5+ 20. Kh1 Ng4 21. Re2 Rxe2 22. Qxe2 Nf2+ 23. Kg1 Nxd3+ 24. Kh1 Nf2+ 25. Kg1 Bxf3 26. gxf3 Nc4 27. Be1 Nd3+ 28. Kh1 Nxe1 29. Rxe1 Nxb2 30. Ne4 Be7 31. Rb1 Rb6 32. Bh3 Nd3 33. Rxb6 Nf4 34. Qe3 axb6 35. Bf1 b5 36. Ng3 Nd5 37. Qd4 Bf6 38. Qc5 Be5 39. Bxb5 Bxg3 40. hxg3 Qxg3 41. Bxc6 Qxf3+ 42. Kg1 Qg3+ 43. Kh1 Ne3 44. Qd4 f5 45. a4 Kh7 46. a5 Nf1 0-1

[Event "Anapa2"]
[Site "Anapa"]
[Date "2008.09.13"]
[Round "7"]
[White "Baranov, Evgeni"]
[Black "Kononenko, Alexander"]
[Result "1-0"]
[WhiteElo "2285"]
[BlackElo "2324"]
[PlyCount "79"]
[EventDate "2008.09.09"]
[EventType "tourn"]
[EventRounds "11"]
[EventCountry "RUS"]
[EventCategory "4"]
[SourceTitle "EXT 2010"]
[Source "ChessBase"]
[SourceDate "2010.11.25"]
[SourceVersion "1"]
[SourceVersionDate "2010.11.25"]
[SourceQuality "1"]

1. Nf3 d5 2. d4 Nf6 3. Nc3 Bf5 4. e3 e6 5. Bd3 Bxd3 6. cxd3 Nbd7 7. Qb3 Qb8 8. e4 dxe4 9. dxe4 c5 10. d5 exd5 11. Nxd5 Nxd5 12. Qxd5 Nf6 13. Qc4 Bd6 14. Bg5 0-0 15. Bxf6 gxf6 16. 0-0 Qc7 17. Rad1 Rad8 18. Rd5 b6 19. Rfd1 Rfe8 20. Qa4 Kf8 21. g3 Qb8 22. Kg2 a5 23. Qc2 Kg8 24. Qd2 Bc7 25. Qh6 Rxd5 26. Rxd5 Be5 27. Nxe5 Rxe5 28. Qxf6 Rxd5 29. exd5 Qa8 30. Qg5+ Kf8 31. Qe5 Kg8 32. g4 a4 33. Kg3 a3 34. b3 Qd8 35. d6 f6 36. Qe6+ Kg7 37. d7 c4 38. Qe8 Qc7+ 39. f4 cxb3 40. Qe7+ 1-0

[Event "Anapa2"]
[Site "Anapa"]
[Date "2008.09.10"]
[Round "3"]
[White "Stambulian, Arsen"]
[Black "Baranov, Evgeni"]
[Result "1/2-1/2"]
[WhiteElo "2393"]
[BlackElo "2285"]
[PlyCount "64"]
[EventDate "2008.09.09"]
[EventType "tourn"]
[EventRounds "11"]
[EventCountry "RUS"]
[EventCategory "4"]
[SourceTitle "EXT 2010"]
[Source "ChessBase"]
[SourceDate "2010.11.25"]
[SourceVersion "1"]
[SourceVersionDate "2010.11.25"]
[SourceQuality "1"]

1. e4 Nf6 2. e5 Nd5 3. d4 d6 4. c4 Nb6 5. exd6 exd6 6. Nc3 Nc6 7. Nf3 Bg4 8. Be2 Be7 9. 0-0 0-0 10. b3 Bf6 11. Be3 d5 12. c5 Nc8 13. h3 Bh5 14. Qd2 N8e7 15. Rfe1 Bxf3 16. Bxf3 Nf5 17. Nxd5 Nfxd4 18. Nxf6+ Qxf6 19. Bxd4 Nxd4 20. Qd3 Nxf3+ 21. Qxf3 Qxf3 22. gxf3 Rad8 23. Rad1 Rxd1 24. Rxd1 Rc8 25. Rd7 Kf8 26. f4 Ke8 27. Rd4 c6 28. Kg2 Rd8 29. Re4+ Kd7 30. Rd4+ Kc7 31. Re4 Rd7 32. f5 Kd8 1/2-1/2